000 01319nam a2200349 i 4500
001 000015399
003 DO-SdBNP
005 20240229073949.0
007 ta
008 100208s2008 dr ac 001 0 spa d
020 _a9789945404159
040 _aDO-SdBNP
_bspa
_cBNPHU
_erda
082 4 _a708.97293
_bG934p
_222
100 1 _aGuerrero, Myrna
_d1951-
_934780
245 1 3 _aEl Palacio de Bellas Artes 1956-2008 /
_cMayrna Guerrero ; prólogo José Rafael Lantigua.
264 _aSanto Domingo :
_bSecretaría de Estado de Cultura,
_c2008.
300 _a299 página ;
_c21 cm.
336 _2rdacontent
_atexto
_btxt
337 _2rdamedia
_asin mediación
_bn
338 _2rdacarrier
_avolumen
_bnc
500 _aIncluye índice onomástico
500 _aIncluye datos biográficos del autor en la solapa de la contracubierta
500 _aIncluye referencias bibliográficas y notas al pie de las páginas
504 _aIncluye bibliografía : p. 261-286
590 _aInventariado, 2023/MFF
650 4 _aArtes
_zRepública Dominicana
_934781
650 4 _aSanto Domingo, República Dominicana
_xGalerias y museos
_934782
650 4 _aPalacios
_zRepública Dominicana
_934783
700 1 _aLantigua, José Rafael,
_d1949-
_epról.
_91438
910 _aValidado. Control de calidad MFF
942 _2ddc
_cLBS1
999 _c14959
_d14959